000 00407nam a2200157Ia 4500
003 GCL
005 20240530100756.0
008 140319s9999 xx 000 0 eng d
040 _aGCL /
_cGCL
082 0 4 _a304.2
_bS G
100 1 _4SMITH, DAVID M.
245 1 0 _aGEOGRAPHY AND SOCIAL JUSTICE \
_cSMITH, DAVID M.
260 _a[S.N] :
_bBLACKWELL PUBLISHERS ،
_c1994
300 _a325 P
942 _2ddc
_cBK
999 _c20779
_d20779